000 00625nam a2200193Ia 4500
003 GCL
008 140319s9999 xx 000 0 ara d
040 _aGCL /
_cGCL
082 0 4 _aق
_b309.262
_bح ر
100 1 _aحسين كفافى
245 1 0 _aروية عصرية للمدن الصناعية فى مصر /
_cحسين كفافى
260 _a[S.N] :
_bالهيئة المصرية العامة للكتاب ،
_c1985
490 _a
650 0 4 _aمصر
650 0 4 _aالاحوال الاجتماعية
650 0 4 _aالاحوال الاقتصادية
650 0 4 _aالمدن الصناعية
942 _2ddc
_cBK
999 _c57743
_d57743